YY's General Knowledge - Multiple Choice #4 - Statistics

General Stats
  • This quiz has been taken 893 times
  • The average score is 6 of 15
Answer Stats
Question Answer % Correct
What is the longest bone in the human body ? Femur
86%
Jazz musician Charlie Parker is mostly known for playing which instrument ? Saxaphone
56%
The Peel P50 microcar was manufactured on which island ? Isle of Man
51%
What is the third highest mountain in the world ? Kangchenjunga
49%
The "Hanger Straight" is on which motor racing circuit ? Silverstone
46%
Pope Urban VII was the shortest serving Pope to date, how long was his reign ? 13 days
44%
At which venue were Prince Charles and Lady Diana Spencer married ? St. Pauls Cathedral
42%
The "Ngultrum" is the currency of which country ? Bhutan
41%
Which country has a daily coastal ferry service called the "Hurtigruten" ? Norway
39%
What is the Province Capital of Saskatchewan, Canada ? Regina
34%
Buster Keaton was born in which US state ? Kansas
24%
What was the first film with Elvis Presley on the cast ? Love Me Tender
24%
The "50 Shades" Trilogy by E.L.James was banned in which country for containing "sadistic" material and "threat to morality".? Malaysia
12%
Which team lost the first NFL Superbowl in 1967 ? Kansas City Chiefs
10%
Dekotora is a Japanese fashion for decorating what ? Trucks
7%
No matching quizzes found
Score Distribution
Percent of People with Each Score
Percentile by Number Answered
Your Score History
You have not taken this quiz